000 00644nam a2200217 a 4500
008
020 _a078173390L (hbk.)
049 _aMAIN
090 _aREF R121
_bSTE
100 1 _aStedman, Thomas Lathrop.
245 1 0 _aStedman`s medical dictionary/
_cThomas Lathrop Stedman.
260 _aMaryland :
_bLippincott Williams & Wilkins ;
_cc2006.
300 _a28th ed.
300 _aI, 2169 [176]p. :
_bcol. ill. ;
_c26 cm.
650 1 _aMedicine-Dictionaries.
907 _a.b1029174x
_b14-06-11
_c21-02-11
003
005 20230120191432.0
040 _cNUST
942 _cBOOKS
_kREF R121
_mSTE
999 _c101074
_d101074